[Event "Wch Blitz"]
[Site "Moscow"]
[Date "2019.12.29"]
[Round "6"]
[White "Sychev, Klementy"]
[Black "Anton Guijarro, David"]
[Result "1-0"]
[WhiteElo "2563"]
[BlackElo "2685"]
[PlyCount "61"]
[EventDate "2019.12.29"]
[EventType "swiss (blitz)"]
[EventRounds "21"]
[EventCountry "RUS"]
[SourceTitle "CBM 193 Extra"]
[Source "ChessBase"]
[SourceDate "2020.01.31"]
[SourceVersion "1"]
[SourceVersionDate "2020.01.31"]
[SourceQuality "1"]

1. Nf3 d5 2. g3 Nf6 3. Bg2 e6 4. O-O Be7 5. d3 O-O 6. Nbd2 a5 7. a4 b6 ({RR} 7... Nc6 8. c3 b6 9. Qc2 Ba6 10. Rd1 Nd7 11. Nb3 Nc5 12. Nbd4 Bb7 13. e4 Nxd4 14. Nxd4 Qd7 15. Be3 Rfd8 16. h4 e5 17. Nf5 Bf8 18. h5 Ne6 19. d4 exd4 20. Bxd4 Nxd4 21. Rxd4 g6 22. Ne3 {Onischuk,V (2609)-Peyrer,K (2415) Germany GER 2025 1-0 (39)}) 8. e4 ({RR} 8. b3 Bb7 9. Bb2 Nbd7 10. Re1 Qc8 11. e4 dxe4 12. dxe4 Nc5 13. e5 Nd5 14. Qe2 Nb4 15. Nc4 Be4 16. Nd4 Bxg2 17. Kxg2 Rd8 18. Nb5 Qb7+ 19. f3 h5 20. h4 Rd7 21. Rad1 Rad8 22. Bc1 Nd5 {Vachier Lagrave,M (2758)-Firouzja,A (2759) chess24.com INT 2021 ½-½ (60)}) 8... dxe4 $146 ({RR} 8... Bb7 9. e5 Nfd7 10. Re1 c5 11. h4 Nc6 12. Nf1 Re8 13. N1h2 f6 14. exf6 Bxf6 15. Ng4 Ra7 16. Nxf6+ Nxf6 17. Bf4 Bc8 18. c3 Rae7 19. d4 h6 20. Ne5 Nxe5 21. Bxe5 Rf7 22. Bf4 Bd7 23. Qc2 {Tseitlin,M (2484)-Ochkoos,J (2299) Guelph 2004 1-0 (49)}) 9. Ng5 Bb7 10. Ngxe4 Nxe4 11. Nxe4 Qc8 12. Re1 Nd7 13. Bf4 Rd8 14. Qe2 Nc5 15. Nc3 Bxg2 16. Kxg2 Qb7+ 17. Kg1 Bf6 18. Be5 Nd7 19. Bxf6 Nxf6 20. Qe5 Rd7 21. h3 h6 22. Ne4 Nd5 23. Nd2 Qc6 24. Nc4 Nb4 25. Qe2 Qb7 26. Ne5 Rd5 27. Nxf7 Kxf7 28. Qxe6+ Kf8 29. Re4 g5 30. Qf6+ Kg8 31. Re7 1-0

[Event "Wch Blitz"]
[Site "Moscow"]
[Date "2019.12.29"]
[Round "7"]
[White "Predke, Alexandr"]
[Black "Giri, Anish"]
[Result "1-0"]
[WhiteElo "2676"]
[BlackElo "2769"]
[PlyCount "123"]
[EventDate "2019.12.29"]
[EventType "swiss (blitz)"]
[EventRounds "21"]
[EventCountry "RUS"]
[SourceTitle "CBM 193 Extra"]
[Source "ChessBase"]
[SourceDate "2020.01.31"]
[SourceVersion "1"]
[SourceVersionDate "2020.01.31"]
[SourceQuality "1"]

1. Nf3 d5 2. d3 Nf6 3. g3 Bg4 4. Nbd2 Nbd7 5. h3 Bxf3 $146 ({RR} 5... Bh5 6. g4 Bg6 7. Nh4 e5 8. e3 Bd6 9. Bg2 c6 10. Qe2 O-O 11. O-O a5 12. c4 Nc5 13. Nxg6 hxg6 14. g5 Nh5 15. cxd5 Qxg5 16. dxc6 bxc6 17. Qg4 Qe7 18. Qc4 Rad8 19. Nb3 Nxb3 20. Qxb3 {Grischuk,A (2777)-Kobalia,M (2614) Chess.com INT 2020 1-0 (68)}) ({RR} 5... Bf5 6. Bg2 e6 7. O-O c6 8. e3 Bd6 9. Nh4 Bg6 10. f4 Qb6 11. Qe1 h5 12. Nxg6 fxg6 13. Nf3 O-O 14. Nh4 Kh7 15. Kh2 Rae8 16. e4 dxe4 17. dxe4 e5 18. f5 gxf5 19. Nxf5 Bc5 20. Bg5 {Maltsevskaya,A (2371)-Baloglu,D (1944) chess.com INT 2025 ½-½ (80)}) ({RR} 5... Bh5 6. Bg2 e5 7. g4 Bg6 8. Nh4 c6 9. e3 Bd6 10. a3 Qe7 11. b3 a5 12. Bb2 O-O 13. Qe2 Ne8 14. Nxg6 fxg6 15. h4 Nc7 16. g5 Rf7 17. Bh3 Raf8 18. O-O h6 19. Qg4 hxg5 20. Qxg5 {Nakamura,H (2790)-Holt,C (2550) Chess.com INT 2016 1-0 (57)}) 6. Nxf3 e5 7. Bg2 Bd6 8. Nh4 O-O 9. Nf5 Bc5 10. e4 c6 11. Qe2 Re8 12. h4 Nf8 13. c3 g6 14. Nh6+ Kg7 15. h5 dxe4 16. dxe4 Ne6 17. Ng4 Nxg4 18. Qxg4 Qf6 19. O-O Rad8 20. b4 Bb6 21. a4 a6 22. Qe2 Rd6 23. h6+ Kg8 24. Ra2 Red8 25. Rd2 Qe7 26. Rfd1 Rxd2 27. Rxd2 Rxd2 28. Qxd2 Qd8 29. Bh3 Qxd2 30. Bxd2 Kf8 31. Kg2 Ke7 32. f4 exf4 33. gxf4 Bc7 34. Kf3 Nf8 35. Bc8 b6 36. Bxa6 f5 37. Bd3 fxe4+ 38. Bxe4 c5 39. bxc5 bxc5 40. f5 gxf5 41. Bxf5 Kf6 42. Ke4 Ba5 43. Bg4 Ng6 44. Kd5 Ne5 45. Be2 c4 46. Bxc4 Nf3 47. Be3 Bxc3 48. Bd3 Ng5 49. Kc4 Be1 50. Kb5 Nf7 51. Bxh7 Nd6+ 52. Kc6 Nc4 53. Bc1 Ne5+ 54. Kb5 Nf7 55. Bc2 Bg3 56. Bb2+ Be5 57. Bc1 Ke7 58. a5 Nd6+ 59. Kc6 Nc4 60. a6 Bd4 61. Kd5 Ne3+ 62. Bxe3 1-0

[Event "Wch Blitz"]
[Site "Moscow"]
[Date "2019.12.29"]
[Round "8"]
[White "Rozum, Ivan"]
[Black "Andriasian, Zaven"]
[Result "1-0"]
[WhiteElo "2573"]
[BlackElo "2611"]
[PlyCount "99"]
[EventDate "2019.12.29"]
[EventType "swiss (blitz)"]
[EventRounds "21"]
[EventCountry "RUS"]
[SourceTitle "CBM 193 Extra"]
[Source "ChessBase"]
[SourceDate "2020.01.31"]
[SourceVersion "1"]
[SourceVersionDate "2020.01.31"]
[SourceQuality "1"]

1. Nf3 Nf6 2. g3 d5 3. Bg2 c6 4. c4 Bg4 5. O-O e6 6. cxd5 exd5 7. d4 Nbd7 8. Nc3 Bd6 9. Nh4 Nb6 10. f3 Bd7 11. e4 Be7 12. Nf5 Bxf5 13. exf5 O-O 14. g4 $146 ({RR} 14. b3 Re8 15. Qd3 {½-½ (15) Grigorov,G (2501)-Mammadzada,G (2425) Riga 2019}) 14... c5 15. g5 Nfd7 16. f4 cxd4 17. Ne2 d3 18. Qxd3 Nc5 19. Qd4 Ne4 20. Bxe4 dxe4 21. Qxe4 Bc5+ 22. Kh1 Re8 23. Qf3 Qd7 24. Ng3 Rad8 25. b4 Bxb4 26. Bb2 Nc4 27. Rad1 Nd2 28. Qg2 Qc6 29. Rfe1 Qc2 30. Be5 g6 31. Ne4 Re7 32. Nf6+ Kf8 33. Nxh7+ Kg8 34. Nf6+ Kf8 35. Qh3 Qc6+ 36. Re4 Rxe5 37. fxe5 Ke7 38. Qg2 Nxe4 39. Rxd8 Nf2+ 40. Kg1 Qc1+ 41. Kxf2 Kxd8 42. Qd5+ Kc7 43. Qxf7+ Kc6 44. Qd7+ Kb6 45. Nd5+ Ka5 46. Qc7+ Qxc7 47. Nxc7 gxf5 48. g6 Bf8 49. Ne6 Bc5+ 50. Nxc5 1-0

[Event "Wch Blitz"]
[Site "Moscow"]
[Date "2019.12.29"]
[Round "10"]
[White "Amin, Bassem"]
[Black "Predke, Alexandr"]
[Result "1-0"]
[WhiteElo "2683"]
[BlackElo "2676"]
[PlyCount "59"]
[EventDate "2019.12.29"]
[EventType "swiss (blitz)"]
[EventRounds "21"]
[EventCountry "RUS"]
[SourceTitle "CBM 193 Extra"]
[Source "ChessBase"]
[SourceDate "2020.01.31"]
[SourceVersion "1"]
[SourceVersionDate "2020.01.31"]
[SourceQuality "1"]

1. Nf3 Nf6 2. g3 b6 3. Bg2 Bb7 4. O-O e6 5. d3 d5 6. Nbd2 Nbd7 7. e4 dxe4 8. dxe4 Nxe4 ({RR} 8... Nc5 9. e5 Nd5 10. a3 a5 11. Re1 Qd7 12. Nc4 Be7 13. Qd4 O-O 14. Qg4 Rfd8 15. Bh6 Bf8 16. Rad1 b5 17. Ncd2 Ne7 18. Bg5 Qe8 19. b4 axb4 20. axb4 Na4 21. Nb3 Rxd1 22. Rxd1 Bd5 23. h4 {Amin,B (2662)-Dominguez Perez,L (2739) Doha 2016 0-1 (42)}) 9. Nxe4 Bxe4 10. Qe2 ({RR} 10. Bg5 Nf6 11. Qe2 Bb7 12. Ne5 Bxg2 13. Kxg2 Qd5+ 14. f3 Bd6 15. Bxf6 gxf6 16. Ng4 Be7 17. Rad1 Qc6 18. Rd3 h5 19. Rc3 Qb7 20. Qb5+ Kf8 21. Nf2 Rd8 22. Rd1 Rxd1 23. Nxd1 Kg7 24. Nf2 c5 {Amin,B (2689)-Dervishi,E (2552) Riadh 2017 ½-½ (71)}) 10... Bb7 11. Rd1 $146 ({RR} 11. Bg5 Qc8 12. Nd4 Bxg2 13. Nxe6 Ne5 14. Qxe5 Qxe6 15. Qxe6+ fxe6 16. Kxg2 h6 17. Be3 O-O-O 18. Rfe1 Be7 19. Re2 Bf6 20. c3 Rd5 21. Rae1 Kd7 22. c4 Rd3 23. c5 Re8 24. Rc2 Bd4 25. Bxd4 Rxd4 {Shankland,S (2672)-Zhalmakhanov,R (2486) New York USA 2024 1-0 (56)}) 11... Bd6 12. Bg5 Qb8 13. Nd4 O-O 14. Nc6 Qe8 15. Rxd6 cxd6 16. Ne7+ Kh8 17. Bxb7 Rb8 18. Bc6 h6 19. Rd1 d5 20. c4 Rc8 21. Nxc8 Qxc8 22. Bxd7 Qxd7 23. Bf4 f6 24. cxd5 exd5 25. Qd3 Rd8 26. Rc1 Qe6 27. h4 d4 28. b3 Qd5 29. Rd1 Re8 30. Be3 1-0

[Event "Wch Blitz"]
[Site "Moscow"]
[Date "2019.12.29"]
[Round "11"]
[White "Anton Guijarro, David"]
[Black "Gajewski, Grzegorz"]
[Result "1-0"]
[WhiteElo "2685"]
[BlackElo "2626"]
[PlyCount "64"]
[EventDate "2019.12.29"]
[EventType "swiss (blitz)"]
[EventRounds "21"]
[EventCountry "RUS"]
[SourceTitle "CBM 193 Extra"]
[Source "ChessBase"]
[SourceDate "2020.01.31"]
[SourceVersion "1"]
[SourceVersionDate "2020.01.31"]
[SourceQuality "1"]

1. Nf3 d5 2. b3 Bg4 3. Bb2 Bxf3 4. exf3 Nf6 5. g3 g6 6. Bg2 Bg7 7. O-O O-O 8. f4 e6 9. c4 ({RR} 9. d4 c5 10. dxc5 Nc6 11. a3 a5 12. c4 dxc4 13. bxc4 a4 14. Nd2 Qa5 15. Bxf6 Bxf6 16. Ne4 Bxa1 17. Qxa1 Rfd8 18. Nf6+ Kf8 19. Nxh7+ Kg8 20. Nf6+ Kf8 21. Ne4 Nd4 22. h4 Kg8 23. Kh2 Qc7 {Anton Guijarro,D (2666)-Laznicka,V (2647) Riadh 2017 0-1 (34)}) 9... c6 10. d3 Nbd7 11. Nd2 a5 $146 ({RR} 11... Ne8 12. d4 Nd6 13. Qc2 Nf5 14. Nf3 Qb6 15. Rfd1 h5 16. h4 Rfd8 17. Bh3 Nf6 18. c5 Qc7 19. Ne5 Nd7 20. Rac1 Bh6 21. Qe2 Nxe5 22. dxe5 Bf8 23. Qd2 b6 24. Bxf5 exf5 25. cxb6 axb6 26. Qc3 {Suarez Garcia,C (2416)-Admiraal,M (2504) Oviedo 2019 ½-½ (41)}) ({RR} 11... Nh5 12. Bxg7 Nxg7 13. Nf3 Nf5 14. Qe2 a5 15. h4 h5 16. Ng5 Qf6 17. Rac1 a4 18. Nf3 axb3 19. axb3 Ra3 20. b4 Rfa8 21. Ne5 Nxe5 22. fxe5 Qe7 23. b5 Ra2 24. Qd1 Qb4 25. bxc6 bxc6 26. g4 {Rey Martinez,J (2318)-Mitrabha,G (2509) chess.com INT 2025 0-1 (62)}) ({RR} 11... Ne8 12. Qc2 Bxb2 13. Qxb2 Qf6 14. d4 Nd6 15. Nf3 a5 16. Ne5 Rfd8 17. Rfd1 Qe7 18. Rac1 Nf5 19. Nf3 a4 20. bxa4 Ra7 21. c5 Rda8 22. Bh3 Ng7 23. Rc3 Qd8 24. a3 Qc8 25. Rb1 Ne8 26. Ne5 {Anton Guijarro,D (2613)-Howell,D (2666) Riga 2021 ½-½ (162)}) 12. Rb1 Ne8 13. Bxg7 Nxg7 14. Nf3 Nf5 15. Qd2 Qe7 16. Qb2 Rfd8 17. Rfd1 h5 18. Bh3 Qf6 19. Ne5 Nxe5 20. fxe5 Qe7 21. Bxf5 exf5 22. d4 h4 23. Qc3 hxg3 24. hxg3 Qg5 25. Qf3 Kg7 26. Kg2 Rd7 27. Rh1 dxc4 28. bxc4 Rxd4 29. Rxb7 Re4 30. Qc3 Kg8 31. e6 f6 32. Rbh7 Rf4 1-0

[Event "Wch Blitz"]
[Site "Moscow"]
[Date "2019.12.29"]
[Round "12"]
[White "Amin, Bassem"]
[Black "Sasikiran, Krishnan"]
[Result "1-0"]
[WhiteElo "2683"]
[BlackElo "2656"]
[PlyCount "48"]
[EventDate "2019.12.29"]
[EventType "swiss (blitz)"]
[EventRounds "21"]
[EventCountry "RUS"]
[SourceTitle "CBM 193 Extra"]
[Source "ChessBase"]
[SourceDate "2020.01.31"]
[SourceVersion "1"]
[SourceVersionDate "2020.01.31"]
[SourceQuality "1"]

1. e4 c5 2. Nf3 d6 3. g3 Nf6 4. d3 g6 5. Bg2 Bg7 6. O-O O-O 7. Re1 Nc6 8. c3 e5 9. a3 h6 10. b4 Be6 ({RR} 10... b6 11. b5 Ne7 12. c4 a6 13. Nc3 Be6 14. Nd2 Qd7 15. Bb2 Bh3 16. Bh1 Ne8 17. a4 Nc7 18. Nf1 Rab8 19. Ne3 f5 20. exf5 Nxf5 21. Ncd5 a5 22. Nxc7 Qxc7 23. Nd5 Qf7 24. Qd2 Kh7 25. Re4 {Amin,B (2704)-Vachier Lagrave,M (2780) Abidjan 2019 0-1 (34)}) ({RR} 10... a6 11. Be3 Qe7 12. h3 b6 13. Nbd2 Bb7 14. Rb1 cxb4 15. axb4 b5 16. d4 exd4 17. cxd4 Rfe8 18. d5 Ne5 19. Nxe5 dxe5 20. Nb3 Nd7 21. Na5 Reb8 22. h4 Bf8 23. Bh3 Qd8 24. Nc6 Bxc6 25. dxc6 {Gubajdullin,A (2253)-Poddubnyi,V (2304) chess.com INT 2024 1-0}) 11. Nbd2 Qc7 12. Bb2 Rad8 $146 ({RR} 12... b6 13. d4 Bg4 14. h3 Bxf3 15. Nxf3 Rad8 16. bxc5 bxc5 17. dxc5 dxc5 18. Qe2 Nd7 19. Bc1 Qa5 20. Qc2 Nb6 21. a4 Rc8 22. Bf1 c4 23. Be3 Rfd8 24. Bxb6 Qxb6 25. Bxc4 Na5 26. Bd5 Kh7 27. Rab1 {Amin,B (2400)-Deepan Chakkravarthy,J (2465) Belfort 2005 1-0 (44)}) 13. Rc1 d5 14. exd5 Rxd5 15. b5 Na5 16. Qe2 Nd7 17. c4 Rd4 18. Nxd4 cxd4 19. a4 Re8 20. Ba3 b6 21. Ne4 Nb7 22. c5 bxc5 23. Nd2 Na5 24. Rc2 Bf8 1-0

[Event "Wch Blitz"]
[Site "Moscow"]
[Date "2019.12.29"]
[Round "12"]
[White "Gukesh, Dommaraju"]
[Black "Narayanan, Srinath"]
[Result "1-0"]
[WhiteElo "2547"]
[BlackElo "2529"]
[PlyCount "105"]
[EventDate "2019.12.29"]
[EventType "swiss (blitz)"]
[EventRounds "21"]
[EventCountry "RUS"]
[SourceTitle "CBM 193 Extra"]
[Source "ChessBase"]
[SourceDate "2020.01.31"]
[SourceVersion "1"]
[SourceVersionDate "2020.01.31"]
[SourceQuality "1"]

1. Nf3 d5 2. g3 g6 3. c4 d4 ({RR} 3... Bg7 4. cxd5 Qxd5 5. Nc3 Qd8 6. Bg2 c5 7. d3 Nh6 8. O-O Nf5 9. Bd2 Nd7 10. Rc1 Rb8 11. a3 b6 12. Qa4 Bb7 13. Bf4 Ra8 14. b4 O-O 15. Ne4 cxb4 16. axb4 Nf6 17. Rfd1 Nd5 18. Bd2 {Grandelius,N (2655)-Nakamura,H (2760) Chess.com INT 2022 0-1 (38)}) 4. b4 ({RR} 4. Bg2 c5 5. O-O Nc6 6. e3 Bg7 7. exd4 Nxd4 8. Nxd4 Bxd4 9. Nc3 Nf6 10. Nb5 O-O 11. Nxd4 Qxd4 12. d3 Rd8 13. Be3 Qxd3 14. Qxd3 Rxd3 15. Bxc5 Kf8 16. Rad1 Rxd1 17. Rxd1 Be6 18. b3 Rb8 {Kiremitciyan,A (2271)-Indusekar,A (2004) chess.com INT 2025 1-0 (58)}) 4... c5 5. bxc5 $146 ({RR} 5. b5 Bg7 6. d3 e5 7. Bg2 Ne7 8. O-O O-O 9. a4 a5 10. Ra2 h6 11. e3 g5 12. exd4 cxd4 13. Ba3 Re8 14. Re1 Ng6 15. Nfd2 f5 16. Nb3 Nd7 17. c5 Nf6 18. N1d2 Nd5 19. Nxd4 Kh7 {Petrov,N (2566)-Tadic,S (2421) Cetinje MNE 2024 1-0 (40)}) ({RR} 5. b5 Bg7 6. d3 e5 7. Bg2 Ne7 8. O-O O-O 9. a4 a5 10. Ra2 h6 11. e3 g5 12. exd4 cxd4 13. Ba3 Re8 14. Re1 Ng6 15. Nfd2 f5 16. Nb3 Nd7 17. c5 Nf6 18. N1d2 Nd5 19. Nxd4 Kh7 {Petrov,N (2566)-Tadic,S (2421) Cetinje MNE 2024 1-0 (40)}) 5... Nc6 6. Bb2 e5 7. d3 Bxc5 8. Bg2 f5 9. Nbd2 Nf6 10. O-O a5 11. Nb3 Ba7 12. a4 Be6 13. Ba3 Nd7 14. Qd2 h6 15. Rab1 Qc7 16. Rb2 Kf7 17. Rfb1 Rab8 18. Nc1 Bc5 19. Bxc5 Nxc5 20. Ra1 Kg7 21. Nb3 Na6 22. e3 dxe3 23. Qxe3 Bf7 24. Nc5 Nab4 25. d4 e4 26. Nd2 b6 27. Ncb3 Rbd8 28. f4 Rhe8 29. d5 Nd3 30. dxc6 Nxb2 31. Qc3+ Kh7 32. Qxb2 Qxc6 33. Re1 Rd3 34. Nc1 Rd7 35. Nf1 Bxc4 36. Ne3 Bf7 37. g4 Be6 38. gxf5 gxf5 39. Ne2 Qc5 40. Ng3 Rd3 41. Nxe4 Qd4 42. Qxd4 Rxd4 43. Nf6+ Kg6 44. Nxe8 Rxa4 45. Nc7 Bf7 46. Ned5 Rc4 47. Nb5 Bxd5 48. Bxd5 Rc5 49. Re6+ Kg7 50. Re7+ Kg6 51. Nc7 a4 52. Re6+ Kh5 53. Bf3+ 1-0

[Event "Wch Blitz"]
[Site "Moscow"]
[Date "2019.12.29"]
[Round "12"]
[White "Vachier Lagrave, Maxime"]
[Black "Anton Guijarro, David"]
[Result "1-0"]
[WhiteElo "2780"]
[BlackElo "2685"]
[PlyCount "75"]
[EventDate "2019.12.29"]
[EventType "swiss (blitz)"]
[EventRounds "21"]
[EventCountry "RUS"]
[SourceTitle "CBM 193 Extra"]
[Source "ChessBase"]
[SourceDate "2020.01.31"]
[SourceVersion "1"]
[SourceVersionDate "2020.01.31"]
[SourceQuality "1"]

1. Nf3 f5 2. d3 d6 3. e4 e5 4. Nc3 Nc6 5. d4 fxe4 6. Nxe4 d5 7. Ng3 e4 8. Ne5 Nf6 9. Bb5 Bd7 10. Bxc6 bxc6 11. O-O Bd6 12. Bg5 O-O 13. f3 exf3 $146 ({RR} 13... Qe8 14. fxe4 Bxe5 15. dxe5 Qxe5 16. Bxf6 Rxf6 17. Rxf6 Qxf6 18. c3 Be6 19. Qa4 Bf7 20. Rf1 Qd6 21. Nf5 Qc5+ 22. Kh1 Re8 23. exd5 Qf2 24. Qd1 Qxb2 25. Qd4 {1-0 (25) Vachier Lagrave,M (2770)-Hauge,L (2493) Chess.com INT 2020}) ({RR} 13... Qe8 14. fxe4 Bxe5 15. dxe5 Qxe5 16. Bxf6 Rxf6 17. Rxf6 Qxf6 18. c3 Be6 19. Qa4 Bf7 20. Rf1 Qd6 21. Nf5 Qc5+ 22. Kh1 Re8 23. exd5 Qf2 24. Qd1 Qxb2 25. Qd4 {1-0 (25) Vachier Lagrave,M (2770)-Hauge,L (2493) Chess.com INT 2020}) 14. Rxf3 Be6 15. Nh5 Kh8 16. Qf1 Be7 17. Nxc6 Qe8 18. Nxe7 Nxh5 19. Re1 Rxf3 20. Qxf3 Qf7 21. Qe2 Rf8 22. Rf1 Qxf1+ 23. Qxf1 Rxf1+ 24. Kxf1 h6 25. Bd2 Nf6 26. Ba5 Ne8 27. Nc6 Bd7 28. Nxa7 Kg8 29. Ke1 Kf7 30. b3 Ke6 31. a4 c6 32. b4 Nd6 33. Bc7 Nc8 34. b5 Nxa7 35. b6 c5 36. b7 Nc6 37. a5 Ke7 38. a6 1-0

[Event "Wch Blitz"]
[Site "Moscow"]
[Date "2019.12.30"]
[Round "13"]
[White "Artemiev, Vladislav"]
[Black "Mamedyarov, Shakhriyar"]
[Result "1-0"]
[WhiteElo "2731"]
[BlackElo "2772"]
[PlyCount "83"]
[EventDate "2019.12.29"]
[EventType "swiss (blitz)"]
[EventRounds "21"]
[EventCountry "RUS"]
[SourceTitle "CBM 193 Extra"]
[Source "ChessBase"]
[SourceDate "2020.01.31"]
[SourceVersion "1"]
[SourceVersionDate "2020.01.31"]
[SourceQuality "1"]

1. Nf3 d5 2. b3 Nf6 3. Bb2 g6 4. c4 dxc4 5. bxc4 Bg7 6. g3 b6 7. Bg2 Bb7 8. O-O ({RR} 8. Qa4+ Nbd7 9. O-O c5 10. d3 O-O 11. Nbd2 Qc7 12. Qc2 Rfe8 13. a4 e5 14. e4 Nf8 15. Nb1 N6d7 16. Nc3 Ne6 17. Nd5 Qd6 18. a5 Nd4 19. Nxd4 exd4 20. f4 f6 21. Bc1 Bxd5 22. cxd5 b5 {Carlsen,M (2830)-Mamedyarov,S (2726) chess.com INT 2024 1-0 (43)}) 8... c5 ({RR} 8... O-O 9. d3 c5 10. Nc3 Nc6 11. Ne5 Qc8 12. Nxc6 Bxc6 13. Nd5 Nxd5 14. Bxg7 Ne3 15. Qc1 Nxf1 16. Bxf8 Nxg3 17. hxg3 Kxf8 18. Qh6+ Kg8 19. a4 Bxg2 20. Kxg2 Qc6+ 21. f3 Qe6 22. Kf2 Qe5 23. Rh1 {Theodorou,N (2600)-Mamedyarov,S (2738) New York USA 2024 0-1 (45)}) 9. Qa4+ $146 ({RR} 9. d3 O-O 10. Nbd2 Nc6 11. Rb1 Qc7 12. Bc3 Rfe8 13. Re1 Rad8 14. Qa4 Ba8 15. Ba1 e5 16. Ng5 Nd4 17. Bxa8 Rxa8 18. Nge4 Qc6 19. Qxc6 Nxc6 20. Nd6 Re7 21. Kg2 Nd4 22. Nb5 Nc2 {½-½ (22) Soppe,G (2455)-Sanchez,M Santa Barbara d'Oeste 1998}) ({RR} 9. d3 O-O 10. Nc3 Nc6 11. Nd2 Qd7 12. Rb1 Rad8 13. Nce4 Nxe4 14. Nxe4 Bxb2 15. Rxb2 Ba8 16. Rd2 Nd4 17. e3 Nc6 18. Qe2 Qe6 19. Rfd1 Na5 20. Nc3 Bxg2 21. Kxg2 Nc6 22. a3 Ne5 23. Nd5 Nd7 {Rozum,I (2544)-Lugovskoy,M (2477) Udaipur 2019 ½-½ (46)}) 9... Qd7 10. Qxd7+ Nbxd7 11. d3 O-O 12. Nbd2 Ne8 13. Rfb1 Nc7 14. Ng5 Bxg2 15. Kxg2 Rfd8 16. Nge4 f5 17. Bxg7 fxe4 18. Bh6 exd3 19. exd3 Nf6 20. Re1 Rxd3 21. Rxe7 Rd7 22. Rxd7 Nxd7 23. Rd1 Nf6 24. Nf3 Re8 25. a4 Ne6 26. Rd6 Ng4 27. Bd2 Kf7 28. Bc3 Ke7 29. Rd2 Rd8 30. Re2 Rd6 31. h3 Nf6 32. Ng5 Rc6 33. f4 h6 34. Nf3 Rc8 35. Ne5 Rg8 36. Nxg6+ Kf7 37. Ne5+ Ke7 38. Kf3 Nh5 39. Ng4 Kd7 40. Re5 Neg7 41. Nxh6 Rf8 42. Rg5 1-0

[Event "Wch Blitz"]
[Site "Moscow"]
[Date "2019.12.30"]
[Round "14"]
[White "Bologan, Viktor"]
[Black "Xu, Yinglun"]
[Result "1-0"]
[WhiteElo "2574"]
[BlackElo "2555"]
[PlyCount "79"]
[EventDate "2019.12.29"]
[EventType "swiss (blitz)"]
[EventRounds "21"]
[EventCountry "RUS"]
[SourceTitle "CBM 193 Extra"]
[Source "ChessBase"]
[SourceDate "2020.01.31"]
[SourceVersion "1"]
[SourceVersionDate "2020.01.31"]
[SourceQuality "1"]

1. e4 {ChessBase II} e6 2. d3 d5 3. Qe2 c5 4. Nf3 Nc6 5. g3 Nge7 6. Bg2 g6 7. O-O Bg7 8. e5 b6 9. c3 h6 10. h4 Bb7 11. Re1 Qc7 12. Na3 a6 13. d4 $146 ({RR} 13. Nc2 Rc8 14. Bf4 Nf5 15. Rac1 a5 16. d4 O-O 17. Qd2 Qe7 18. Bf1 f6 ({RR} 18... cxd4 19. cxd4 Nb4 20. a3 Nxc2 21. Rxc2 Rxc2 22. Qxc2 Rc8) 19. Bh3 fxe5 20. Nxe5 Bxe5 21. Bxe5 g5 22. hxg5 Qxg5 23. Bf4 Qg6 24. Qd3 c4 25. Qe2 Rf6 26. Qg4 Rcf8 27. a4 h5 {Bologan,V (2641)-Van Wely,L (2643) Eforie Nord 2000 CBM 081 [ChessBase II] 1-0 (40)}) ({RR} 13. Nc2 a5 14. a4 Ba6 15. Na3 Na7 16. c4 Rd8 17. Nb5 Nxb5 18. cxb5 Bb7 19. d4 Nf5 20. b3 Bf8 21. Ba3 Be7 22. Rac1 c4 23. Bb2 Qb8 24. bxc4 dxc4 25. Rxc4 Bd5 26. Rec1 Bxc4 27. Rxc4 Rc8 {Svetushkin,D (2546)-Pavlov,S (2502) Corund 2017 1-0 (38)}) ({RR} 13. Bf4 b5 14. Nc2 Rc8 15. Rac1 Qb8 16. d4 c4 17. Ne3 Qa7 18. Ng4 Ng8 19. h5 g5 20. Be3 Nce7 21. Bh3 Rc7 22. Qc2 Kd8 23. Ra1 a5 24. Nfh2 Nf5 25. Bd2 Bc6 26. Ne3 Nxe3 27. Rxe3 Ne7 {Bachler,R (2225)-Stanec,N (2460) Germany 1997 0-1 (83)}) 13... c4 14. Nc2 b5 15. b3 O-O-O 16. Ba3 Bf8 17. Bd6 Qd7 18. bxc4 dxc4 19. Ne3 Nf5 20. Bxf8 Rhxf8 21. a4 Nxe3 22. Qxe3 b4 23. Nd2 Na5 24. Bxb7+ Qxb7 25. cxb4 Qxb4 26. Rab1 Qxa4 27. Ra1 Qb5 28. Reb1 Qd5 29. Qc3 Nc6 30. Nxc4 Qxd4 31. Qb3 Qa7 32. Nd6+ Rxd6 33. exd6 Kd7 34. Qf3 f5 35. Qf4 Nd4 36. Qxh6 Nf3+ 37. Kg2 Qa8 38. Qg7+ Kxd6 39. Rb7 Ne5 40. Rd1+ 1-0

[Event "Wch Blitz"]
[Site "Moscow"]
[Date "2019.12.30"]
[Round "14"]
[White "Zvjaginsev, Vadim"]
[Black "Antipov, Mikhail Al"]
[Result "1-0"]
[WhiteElo "2627"]
[BlackElo "2549"]
[PlyCount "137"]
[EventDate "2019.12.29"]
[EventType "swiss (blitz)"]
[EventRounds "21"]
[EventCountry "RUS"]
[SourceTitle "CBM 193 Extra"]
[Source "ChessBase"]
[SourceDate "2020.01.31"]
[SourceVersion "1"]
[SourceVersionDate "2020.01.31"]
[SourceQuality "1"]

1. e4 e5 2. Nf3 Nc6 3. g3 Nf6 4. d3 g6 5. Bg2 Bg7 6. O-O O-O 7. c3 ({RR} 7. Nc3 Re8 8. h3 h6 9. Be3 d5 10. Re1 d4 11. Bd2 dxc3 12. bxc3 Kh7 13. Nh4 Nh5 14. Nf5 Bf8 15. d4 Qf6 16. d5 Ne7 17. Ne3 Ng8 18. c4 Bc5 19. Qe2 a5 20. Rab1 b6 21. Ng4 Bxg4 {Tologontegin,S (2349)-Visakh,N (2521) chess.com INT 2024 0-1}) ({RR} 7. Re1 d5 8. exd5 Nxd5 9. Nc3 Nde7 10. Rb1 a5 11. b3 Re8 12. Ba3 Nf5 13. Nb5 Nb4 14. Bb2 c6 15. Nc3 Nd4 16. Rc1 Bg4 17. a3 Na6 18. Ne4 Bxf3 19. Bxf3 Nxf3+ 20. Qxf3 f5 21. Nc3 Nc7 {Zvjaginsev,V (2599)-Vidit,S (2727) Warsaw 2021 0-1 (39)}) 7... d5 8. Qc2 h6 9. a4 $146 ({RR} 9. b4 a6 10. Nbd2 Be6 11. a4 Nh5 12. Bb2 dxe4 13. Nxe4 Bd5 14. b5 Nb8 15. c4 Bxe4 16. dxe4 Re8 17. Rfd1 Qc8 18. Rd2 c6 19. Rad1 cxb5 20. cxb5 Qxc2 21. Rxc2 axb5 22. axb5 Ra2 23. Bf1 Nf6 {Zvjaginsev,V (2644)-Karimov,A (2251) Qingdao 2019 1-0}) ({RR} 9. b4 a6 10. Bb2 Be6 {½-½ (10) Seret,J (2375)-Finegold,B (2460) Cappelle la Grande 1991}) 9... a5 10. Na3 Re8 11. Nb5 Nb8 12. exd5 Nxd5 13. Re1 c6 14. Na3 Bf5 15. Nc4 Qc7 16. b3 Nb6 17. Nfd2 Rd8 18. Ne4 Nxc4 19. bxc4 Nd7 20. Be3 Nf6 21. Rab1 Bxe4 22. Bxe4 Qd7 23. Rb2 Nxe4 24. dxe4 Qd3 25. Qxd3 Rxd3 26. Rc1 Rb8 27. Ba7 Rbd8 28. Rxb7 Rd1+ 29. Rxd1 Rxd1+ 30. Kg2 Ra1 31. Rc7 Rxa4 32. Rxc6 Ra3 33. Rc8+ Kh7 34. c5 Rxc3 35. c6 Bf6 36. Bb6 Be7 37. Bxa5 Rc5 38. Bb4 Rxc6 39. Rxc6 Bxb4 40. g4 Kg7 41. Kf1 Be7 42. Ke2 Bh4 43. f3 Bg5 44. Kd3 Kf8 45. Kc4 Ke7 46. Kd5 Bf4 47. h3 Bg3 48. Ra6 Bf4 49. h4 h5 50. gxh5 gxh5 51. Ra2 Bg3 52. Rg2 Bxh4 53. Kxe5 Be1 54. Kf5 h4 55. f4 Bg3 56. e5 Be1 57. Rc2 Bg3 58. Kg4 Be1 59. Rc6 Kd7 60. Rh6 Ke7 61. Kf3 Kd7 62. Ke4 Ke7 63. f5 Bg3 64. Kd5 Kf8 65. f6 Kg8 66. e6 fxe6+ 67. Kxe6 Be1 68. Ke7 Bb4+ 69. Ke8 1-0